Новая отечественная и иностранная литература по общественным наукам (Запись № 3144262)

Подробности
000 -МАРКЕР
контрольное поле 05879nas1a22006611i 4500
001 - ИДЕНТИФИКАТОР ЗАПИСИ
контрольное поле RU\NLR\INFOCOMM16\1000090879
005 - ИДЕНТИФИКАТОР ВЕРСИИ
контрольное поле 20240726002234.0
011 ## - МЕЖДУНАРОДНЫЙ СТАНДАРТНЫЙ НОМЕР СЕРИАЛЬНОГО ИЗДАНИЯ (ISSN)
Номер (ISSN) 0134-3041
035 ## - ДРУГИЕ СИСТЕМНЫЕ НОМЕРА
Идентификатор записи (NLR Aleph) 002565657
100 ## - ДАННЫЕ ОБЩЕЙ ОБРАБОТКИ
Данные общей обработки 20040518b19661992|||y0rusy50 ca
101 0# - ЯЗЫК РЕСУРСА
Язык текста, звукозаписи и т.д. русский
102 ## - СТРАНА ПУБЛИКАЦИИ ИЛИ ПРОИЗВОДСТВА
Страна публикации Российская Федерация
110 ## - ПОЛЕ КОДИРОВАННЫХ ДАННЫХ: ПРОДОЛЖАЮЩИЕСЯ РЕСУРСЫ
Кодированные данные продолжающегося ресурса ayu||||0|y0
200 1# - ЗАГЛАВИЕ И СВЕДЕНИЯ ОБ ОТВЕТСТВЕННОСТИ
Основное заглавие Новая отечественная и иностранная литература по общественным наукам
Сведения, относящиеся к заглавию Библиогр. указ.
Наименование части Славяноведение и балканистика
Первые сведения об ответственности Рос. акад. наук. РАН, ИНИОН. Отд. науч.-библиогр. обраб. лит. и формирования баз данных. Сектор НБИ по регион. пробл.
210 ## - ПУБЛИКАЦИЯ, РАСПРОСТРАНЕНИЕ И ДР.
Место издания, распространения и т.д. М.
Дата издания, распространения и т.д. 1966-1992
311 ## - ПРИМЕЧАНИЯ, ОТНОСЯЩИЕСЯ К ПОЛЯМ СВЯЗИ (ПРИМЕЧАНИЯ О СВЯЗИ С ДРУГИМИ ПРОИЗВЕДЕНИЯМИ (ИЗДАНИЯМИ))
Текст примечания Прекр. на №11/12 1992
430 #0 - ПРОДОЛЖЕН
Встроенное поле 2001#$aНовая литература по общим проблемам славяноведения
Заглавие Новая литература по общим проблемам славяноведения
430 #0 - ПРОДОЛЖЕН
Встроенное поле 2001#$aНовая литература по общим проблемам славяноведения и балканистики
Заглавие Новая литература по общим проблемам славяноведения и балканистики
430 #0 - ПРОДОЛЖЕН
Встроенное поле 2001#$aНовая советская и иностранная литература по общественным наукам$iПроблемы славяноведения и балканистики
Заглавие Новая советская и иностранная литература по общественным наукам
712 02 - НАИМЕНОВАНИЕ ОРГАНИЗАЦИИ - ВТОРИЧНАЯ ОТВЕТСТВЕННОСТЬ
Начальный элемент ввода Институт научной информации по общественным наукам
Идентифицирующий признак Москва
Код отношения Прочие
801 #1 - ИСТОЧНИК ЗАПИСИ
Страна Российская Федерация
Организация InfoComm
Дата составления 20040518
801 #0 - ИСТОЧНИК ЗАПИСИ
Страна Российская Федерация
Организация NLR
Правила каталогизации PSBO
852 ## - МЕСТОНАХОЖДЕНИЕ И ШИФР ХРАНЕНИЯ
Идентификатор организации NLR
Наименование фонда или коллекции (Sub-Location Identifier) С
Шифр хранения (Call Number) П-2/294
852 ## - МЕСТОНАХОЖДЕНИЕ И ШИФР ХРАНЕНИЯ
Идентификатор организации NLR
Шифр хранения (Call Number) С571Сл.стр./Н72
942 ## - ДОПОЛНИТЕЛЬНЫЕ ЭЛЕМЕНТЫ ЗАПИСИ (АБИС)
Тип экземпляра АБИС Журнал
980 ## - КОЛЛЕКЦИЯ
Название коллекции Русская периодика

Нет доступных экземпляров.